IFM Opac

Financial Accounting (Record no. 16437)

MARC details
000 -LEADER
fixed length control field 00334nam a22001457a 4500
020 ## - INTERNATIONAL STANDARD BOOK NUMBER
International Standard Book Number 817198052x
082 ## - DEWEY DECIMAL CLASSIFICATION NUMBER
Classification number 657 MON
100 ## - MAIN ENTRY--PERSONAL NAME
Personal name MONGA, J.R.
245 ## - TITLE STATEMENT
Title Financial Accounting
250 ## - EDITION STATEMENT
Edition statement Sixteenth
260 ## - PUBLICATION, DISTRIBUTION, ETC.
Place of publication, distribution, etc. New Delhi
Name of publisher, distributor, etc. Malik and Sons
Date of publication, distribution, etc. 2001
300 ## - PHYSICAL DESCRIPTION
Extent 320P
Other physical details ill.;20CM
650 ## - SUBJECT ADDED ENTRY--TOPICAL TERM
Topical term or geographic name entry element Financial Accounting
942 ## - ADDED ENTRY ELEMENTS (KOHA)
Koha item type Books
Holdings
Withdrawn status Lost status Source of classification or shelving scheme Damaged status Not for loan Home library Current library Shelving location Date acquired Full call number Barcode Date last seen Price effective from Koha item type
    Dewey Decimal Classification     IFM Mwanza Campus IFM Mwanza Campus   09/27/2016 657 MON 0000021025 09/27/2016 02/19/2022 Books